Sports Quiz

Random Sports or Basketball Quiz

NBA Most Points w/o 20 ppg Season Quiz Stats

 Plays Quiz Updated May 14, 2014

Challenge
Share
Tweet
Embed
Score 0/20 Timer 06:00
4 Plays Today
Total Points Player % Correct
19,711John Stockton
83.4%
17,529Jason Kidd
73.3%
17,387Steve Nash
63.8%
23,334Robert Parish
55.9%
16,006Rasheed Wallace
40.5%
15,730Chauncey Billups
37.2%
16,784Buck Williams
36.4%
14,522Bill Russell
36%
15,761Detlef Schrempf
35.7%
17,445Jason Terry
33.1%
Total Points Player % Correct
15,496Andre Miller
33.1%
15,586Terry Porter
26.1%
15,635Sam Cassell
22.6%
17,253Kevin Willis
20.8%
17,287Jack Sikma
14.8%
16,006Derek Harper
13.7%
15,324Sam Perkins
10.5%
14,463Rod Strickland
4.4%
14,862James Edwards
2.6%
14,053Dave DeBusschere
2.1%

You're not logged in!

Compare scores with friends on all Sporcle quizzes.
OR
Log In

You Might Also Like...

Show Comments

Extras

Top Quizzes Today


Score Distribution

Your Account Isn't Verified!

In order to create a playlist on Sporcle, you need to verify the email address you used during registration. Go to your Sporcle Settings to finish the process.

Report this User

Report this user for behavior that violates our Community Guidelines.

Details: